000 00294nam a22001337a 4500
020 _a0312513992
082 _a951.05 092 4 PUR
100 _aPURCELL,h
245 _aMao tse-tung
260 _anew york
_bwayland
_c1977
300 _a95p.
_bill.; 20cm.
500 _ainclude index.
942 _cBK
999 _c16763
_d16763